[Event "Titled Tuesday intern op 09th May Late"]
[Site "Chess.com INT"]
[Date "2023.05.09"]
[Round "1"]
[White "Kokoszczynski, Jan"]
[Black "Brandao, Marcius Gomes"]
[Result "1-0"]
[WhiteElo "2247"]
[BlackElo "1973"]
[PlyCount "111"]
[EventDate "2023.05.09"]
[EventType "swiss (blitz)"]
[EventRounds "11"]
[EventCountry "USA"]
[SourceTitle "CBM 214 Extra"]
[Source "ChessBase"]
[SourceDate "2023.07.31"]
[SourceVersion "1"]
[SourceVersionDate "2023.07.31"]
[SourceQuality "1"]

1. d4 d5 2. c4 e6 3. Nc3 a6 4. cxd5 exd5 5. Bf4 Nf6 6. Nf3 Bd6 7. e3 Bxf4 8. exf4 0-0 9. Bd3 c6 10. 0-0 Bg4 11. h3 Bxf3 12. Qxf3 Nbd7 13. Rae1 Re8 14. Bb1 Qb6 15. Qd3 Qxb2 16. Bc2 Qb4 17. Rb1 Qd6 18. Rxb7 Qxf4 19. g3 Qd6 20. Rfb1 g6 21. Ba4 Ne4 22. Nxe4 dxe4 23. Qc4 e3 24. f4 e2 25. Re1 Re3 26. Bb3 Rxg3+ 27. Kh2 Qxf4 28. Qxf7+ Qxf7 29. Bxf7+ Kxf7 30. Kxg3 Ke7 31. Rxe2+ Kd6 32. Rf2 Re8 33. Rf3 Re2 34. a3 Re4 35. Rf7 Re7 36. Rxe7 Kxe7 37. Ra7 Kd6 38. Rxa6 Kd5 39. Ra7 Nf6 40. Rf7 Ne4+ 41. Kf4 Nf2 42. Rxh7 Kxd4 43. Kg5 c5 44. Kxg6 c4 45. h4 c3 46. h5 Ng4 47. Rc7 Ne5+ 48. Kg7 Nc4 49. Rf7 c2 50. Rf1 Nd6 51. h6 Nf5+ 52. Kg6 Nxh6 53. Kxh6 Kc3 54. Rc1 Kb2 55. Rxc2+ Kxc2 56. a4 1-0

[Event "Titled Tuesday intern op 18th Apr Late"]
[Site "Chess.com INT"]
[Date "2023.04.18"]
[Round "9"]
[White "Brandao, Marcius Gomes"]
[Black "Ardila, Oscar Humberto"]
[Result "0-1"]
[WhiteElo "1973"]
[BlackElo "1982"]
[PlyCount "70"]
[EventDate "2023.04.18"]
[EventType "swiss (blitz)"]
[EventRounds "11"]
[EventCountry "USA"]
[SourceTitle "EXT 2024"]
[Source "ChessBase"]
[SourceDate "2023.10.10"]
[SourceVersion "1"]
[SourceVersionDate "2023.10.10"]
[SourceQuality "1"]

1. d4 Nf6 2. c4 e6 3. Nc3 Bb4 4. f3 0-0 5. a3 Bxc3+ 6. bxc3 c5 7. e3 Qa5 8. Bd2 Nc6 9. Bd3 d6 10. Ne2 Qc7 11. 0-0 b6 12. Qc2 Ba6 13. Rae1 Na5 14. Qa2 cxd4 15. cxd4 Bxc4 16. Bxc4 Qxc4 17. Qxc4 Nxc4 18. Bb4 a5 19. Rc1 Rfc8 20. Rxc4 Rxc4 21. Bxd6 Rc2 22. Nf4 Nd5 23. Nxd5 exd5 24. h3 Re8 25. Bf4 f6 26. Re1 Re6 27. e4 Kf7 28. Kh2 g5 29. Bg3 h5 30. h4 g4 31. exd5 Rxe1 32. Bxe1 gxf3 33. Kg1 Rxg2+ 34. Kf1 Ke7 35. Bc3 Rc2 0-1

[Event "Titled Tuesday intern op 18th Apr Late"]
[Site "Chess.com INT"]
[Date "2023.04.18"]
[Round "1"]
[White "Sherman, Reem"]
[Black "Brandao, Marcius Gomes"]
[Result "1-0"]
[WhiteElo "2213"]
[BlackElo "1973"]
[PlyCount "91"]
[EventDate "2023.04.18"]
[EventType "swiss (blitz)"]
[EventRounds "11"]
[EventCountry "USA"]
[SourceTitle "EXT 2024"]
[Source "ChessBase"]
[SourceDate "2023.10.10"]
[SourceVersion "1"]
[SourceVersionDate "2023.10.10"]
[SourceQuality "1"]

1. e4 c5 2. b3 Nc6 3. Bb2 e5 4. Nf3 d6 5. Nc3 Nge7 6. Bc4 Na5 7. Bb5+ Nac6 8. Nd5 a6 9. Bxc6+ bxc6 10. Ne3 g6 11. c3 Bg7 12. d4 cxd4 13. cxd4 Qa5+ 14. Qd2 Qxd2+ 15. Kxd2 exd4 16. Bxd4 0-0 17. Bxg7 Kxg7 18. Rhc1 Bb7 19. Nc4 Rad8 20. Na5 Ba8 21. Ke2 Rfe8 22. Kf1 d5 23. e5 Nf5 24. g4 Ne7 25. Nd4 Rc8 26. Rc5 h5 27. h3 hxg4 28. hxg4 Rh8 29. Kg2 Rh6 30. Rac1 Rch8 31. Nf3 f5 32. exf6+ Kxf6 33. g5+ Kg7 34. gxh6+ Rxh6 35. Nxc6 Bxc6 36. Rxc6 Nxc6 37. Rxc6 Rh5 38. Rxa6 Rf5 39. Rxg6+ Kxg6 40. Nh4+ Kg5 41. Nxf5 Kxf5 42. Kf3 Ke5 43. Ke3 d4+ 44. Kd3 Kd5 45. a4 Ke5 46. a5 1-0

[Event "Titled Tuesday intern op 18th Apr Late"]
[Site "Chess.com INT"]
[Date "2023.04.18"]
[Round "3"]
[White "Szpar, Milosz"]
[Black "Brandao, Marcius Gomes"]
[Result "1-0"]
[WhiteElo "2447"]
[BlackElo "1973"]
[PlyCount "68"]
[EventDate "2023.04.18"]
[EventType "swiss (blitz)"]
[EventRounds "11"]
[EventCountry "USA"]
[SourceTitle "EXT 2024"]
[Source "ChessBase"]
[SourceDate "2023.10.10"]
[SourceVersion "1"]
[SourceVersionDate "2023.10.10"]
[SourceQuality "1"]

1. e4 c5 2. Nf3 Nc6 3. d4 cxd4 4. Nxd4 e5 5. Nb5 d6 6. c4 Be7 7. N1c3 a6 8. Na3 f5 9. exf5 Bxf5 10. Bd3 Be6 11. 0-0 Nf6 12. Nc2 0-0 13. b3 Kh8 14. Bg5 Ng4 15. Bxe7 Qxe7 16. h3 Nf6 17. Qd2 Nh5 18. Be4 Rad8 19. Nd5 Bxd5 20. cxd5 Nb8 21. Rae1 Nd7 22. g3 Nc5 23. Bg2 Qf6 24. b4 Nd7 25. Ne3 Qg5 26. h4 Qg6 27. Qd1 Nhf6 28. Qb1 Qxb1 29. Rxb1 Rc8 30. Rbc1 Kg8 31. Bh3 Kf7 32. Be6+ Kg6 33. Nf5 Rxc1 34. Rxc1 Ne4 1-0

[Event "Titled Tuesday intern op 04th Apr Late"]
[Site "Chess.com INT"]
[Date "2023.04.04"]
[Round "3"]
[White "Becerra, Juan David"]
[Black "Brandao, Marcius Gomes"]
[Result "1-0"]
[WhiteElo "2382"]
[BlackElo "1973"]
[PlyCount "67"]
[EventDate "2023.04.04"]
[EventType "swiss (blitz)"]
[EventRounds "11"]
[EventCountry "USA"]
[SourceTitle "EXT 2024"]
[Source "ChessBase"]
[SourceDate "2023.10.10"]
[SourceVersion "1"]
[SourceVersionDate "2023.10.10"]
[SourceQuality "1"]

1. e4 c5 2. d4 cxd4 3. c3 Nf6 4. e5 Nd5 5. cxd4 d6 6. f4 dxe5 7. fxe5 Nc6 8. Nc3 Bf5 9. a3 e6 10. Nf3 Be7 11. Bd3 Bxd3 12. Qxd3 0-0 13. 0-0 Rc8 14. Qe4 Nxc3 15. bxc3 Na5 16. Bd2 Nb3 17. Rad1 Nxd2 18. Rxd2 Rxc3 19. Qxb7 Rxa3 20. Qe4 Qb6 21. Kh1 h6 22. h4 Qa5 23. Rdd1 Rb8 24. Qg4 Ra2 25. d5 exd5 26. e6 f6 27. Qh5 Qd8 28. Nd4 Rbb2 29. Rg1 f5 30. Qf7+ Kh8 31. Nc6 Ra4 32. Rd4 Rxd4 33. Nxd4 Qd6 34. Nxf5 1-0

[Event "Titled Tuesday intern op 04th Apr Late"]
[Site "Chess.com INT"]
[Date "2023.04.04"]
[Round "2"]
[White "Brandao, Marcius Gomes"]
[Black "Matinian, Nikita"]
[Result "0-1"]
[WhiteElo "1973"]
[BlackElo "2407"]
[PlyCount "50"]
[EventDate "2023.04.04"]
[EventType "swiss (blitz)"]
[EventRounds "11"]
[EventCountry "USA"]
[SourceTitle "EXT 2024"]
[Source "ChessBase"]
[SourceDate "2023.10.10"]
[SourceVersion "1"]
[SourceVersionDate "2023.10.10"]
[SourceQuality "1"]

1. d4 Nf6 2. c4 e6 3. Nc3 Bb4 4. f3 c5 5. d5 b5 6. e4 0-0 7. Nh3 d6 8. Nf2 exd5 9. cxd5 a6 10. Be2 Ne8 11. 0-0 f5 12. a4 bxa4 13. Rxa4 Ra7 14. Na2 Bd7 15. Nxb4 Bxa4 16. Qxa4 cxb4 17. Qxb4 fxe4 18. Nxe4 h6 19. Be3 Re7 20. Bd4 Nd7 21. Bxa6 Ne5 22. h3 Kh8 23. Qc3 Qa8 24. Bb5 Qxd5 25. Bxe8 Rfxe8 0-1

[Event "Titled Tuesday intern op 7th Mar Late"]
[Site "Chess.com INT"]
[Date "2023.03.07"]
[Round "6"]
[White "Brandao, Marcius Gomes"]
[Black "Smith, Garrett L"]
[Result "1-0"]
[WhiteElo "1973"]
[BlackElo "2047"]
[PlyCount "43"]
[EventDate "2023.03.07"]
[EventType "swiss (blitz)"]
[EventRounds "11"]
[EventCountry "USA"]
[SourceTitle "EXT 2024"]
[Source "ChessBase"]
[SourceDate "2023.10.10"]
[SourceVersion "1"]
[SourceVersionDate "2023.10.10"]
[SourceQuality "1"]

1. d4 Nf6 2. c4 g6 3. Nc3 d5 4. cxd5 Nxd5 5. e4 Nxc3 6. bxc3 Bg7 7. Bc4 c5 8. Ne2 Nc6 9. Be3 0-0 10. 0-0 b6 11. Qd2 Bb7 12. h4 e6 13. Rad1 Na5 14. Bd3 cxd4 15. cxd4 Rc8 16. h5 Nc4 17. Bxc4 Rxc4 18. Bg5 Qd7 19. Bh6 Bxe4 20. Bxg7 Kxg7 21. Qf4 Bc2 22. h6+ 1-0

[Event "Titled Tuesday intern op 28th Feb Late"]
[Site "Chess.com INT"]
[Date "2023.02.28"]
[Round "6"]
[White "Brandao, Marcius Gomes"]
[Black "Skaric, Djuro"]
[Result "0-1"]
[WhiteElo "1973"]
[BlackElo "2334"]
[PlyCount "76"]
[EventDate "2023.02.28"]
[EventType "swiss (blitz)"]
[EventRounds "11"]
[EventCountry "USA"]
[SourceTitle "CBM 213 Extra"]
[Source "ChessBase"]
[SourceDate "2023.05.31"]
[SourceVersion "1"]
[SourceVersionDate "2023.05.31"]
[SourceQuality "1"]

1. d4 d6 2. c4 g6 3. Nc3 Bg7 4. e4 Nf6 5. f4 0-0 6. Nf3 c5 7. d5 e6 8. dxe6 fxe6 9. Bd3 Nc6 10. 0-0 d5 11. e5 Ng4 12. h3 Nh6 13. Qe2 Nd4 14. Nxd4 cxd4 15. Nb5 dxc4 16. Bxc4 Nf5 17. Rd1 a6 18. Nc3 b5 19. Bb3 Qb6 20. Ne4 Bb7 21. Rd3 a5 22. g4 a4 23. gxf5 axb3 24. f6 Qc6 25. Rxb3 Bh6 26. Ng3 d3 27. Qf2 Rac8 28. Bd2 Rfd8 29. Rc1 Qd5 30. Rxc8 Rxc8 31. Rc3 Rxc3 32. bxc3 Qxa2 33. h4 Qd5 34. Kh2 Bf8 35. h5 Bc5 36. Qf1 Kf7 37. hxg6+ hxg6 38. Qh3 Ke8 0-1

[Event "Titled Tuesday intern op 21st Feb Early"]
[Site "Chess.com INT"]
[Date "2023.02.21"]
[Round "11"]
[White "Brandao, Marcius Gomes"]
[Black "Gerbelli Neto, Eduardo"]
[Result "0-1"]
[WhiteElo "1973"]
[BlackElo "2114"]
[PlyCount "66"]
[EventDate "2023.02.21"]
[EventType "swiss (blitz)"]
[EventRounds "11"]
[EventCountry "USA"]
[SourceTitle "CBM 212 Extra"]
[Source "ChessBase"]
[SourceDate "2023.03.31"]
[SourceVersion "1"]
[SourceVersionDate "2023.03.31"]
[SourceQuality "1"]

1. d4 d5 2. c4 c6 3. cxd5 cxd5 4. Nc3 Nf6 5. Bf4 Nc6 6. e3 Bf5 7. Qb3 Na5 8. Qa4+ Bd7 9. Qc2 Rc8 10. Bd3 e6 11. Nge2 Be7 12. 0-0 0-0 13. f3 b5 14. Qd1 b4 15. Na4 Qe8 16. b3 Bxa4 17. bxa4 Nc4 18. Rb1 Nh5 19. Bg3 Nxe3 20. Qd2 Nxf1 21. Kxf1 Nxg3+ 22. Nxg3 Qc6 23. Ne2 Qxa4 24. Rb3 Rc7 25. Nf4 Qc6 26. Ne2 a5 27. Kf2 Rfc8 28. Kg3 a4 29. Rb2 Qd6+ 30. Kh3 e5 31. g3 exd4 32. Nxd4 Bf6 33. Bf5 Bxd4 0-1

[Event "Titled Tuesday intern op 21st Feb Early"]
[Site "Chess.com INT"]
[Date "2023.02.21"]
[Round "4"]
[White "Brandao, Marcius Gomes"]
[Black "Kvaloy, Aksel Bu"]
[Result "0-1"]
[WhiteElo "1973"]
[BlackElo "2255"]
[PlyCount "70"]
[EventDate "2023.02.21"]
[EventType "swiss (blitz)"]
[EventRounds "11"]
[EventCountry "USA"]
[SourceTitle "CBM 212 Extra"]
[Source "ChessBase"]
[SourceDate "2023.03.31"]
[SourceVersion "1"]
[SourceVersionDate "2023.03.31"]
[SourceQuality "1"]

1. d4 Nf6 2. c4 e6 3. Nc3 Bb4 4. f3 c5 5. d5 exd5 6. cxd5 d6 7. e4 0-0 8. Nge2 Re8 9. Ng3 a6 10. a4 Nbd7 11. Be2 Nf8 12. 0-0 Rb8 13. Bd2 b5 14. axb5 axb5 15. Nxb5 Bxd2 16. Qxd2 Qb6 17. Kh1 h5 18. Bc4 h4 19. Ne2 Ng6 20. b3 Ne5 21. Qg5 Bd7 22. Nec3 h3 23. gxh3 Bxh3 24. Rf2 Ng6 25. Rg1 Bd7 26. h4 Re5 27. Qg3 Rh5 28. Rh2 Bxb5 29. Nxb5 Rd8 30. Rh3 Rh7 31. Rh2 Nh5 32. Qg5 Re8 33. Qf5 Ne5 34. f4 g6 35. Qh3 Nxf4 0-1

[Event "Titled Tuesday intern op 21st Feb Late"]
[Site "Chess.com INT"]
[Date "2023.02.21"]
[Round "1"]
[White "Leenhouts, Koen"]
[Black "Brandao, Marcius Gomes"]
[Result "1-0"]
[WhiteElo "2438"]
[BlackElo "1973"]
[PlyCount "59"]
[EventDate "2023.02.21"]
[EventType "swiss (blitz)"]
[EventRounds "11"]
[EventCountry "USA"]
[SourceTitle "CBM 212 Extra"]
[Source "ChessBase"]
[SourceDate "2023.03.31"]
[SourceVersion "1"]
[SourceVersionDate "2023.03.31"]
[SourceQuality "1"]

1. d4 d5 2. c4 e6 3. Nc3 a6 4. c5 e5 5. dxe5 d4 6. Ne4 Qd5 7. Qd3 Qxe5 8. Nf3 Qd5 9. Qxd4 Qxd4 10. Nxd4 f5 11. Nc3 Bxc5 12. Nf3 Nc6 13. Bf4 Nf6 14. e3 Bd7 15. Bxc7 0-0 16. Be2 Rac8 17. Bf4 Nb4 18. 0-0 Bc6 19. Ne5 Be8 20. Rac1 Kh8 21. a3 Nc6 22. b4 Bd6 23. Nxc6 Rxc6 24. Bf3 Bxf4 25. Bxc6 Bxc6 26. exf4 Ne4 27. Nxe4 fxe4 28. Rfd1 h6 29. g3 Kh7 30. Rc5 1-0

[Event "Titled Tuesday intern op 21st Feb Early"]
[Site "Chess.com INT"]
[Date "2023.02.21"]
[Round "10"]
[White "Mushini, Ajay"]
[Black "Brandao, Marcius Gomes"]
[Result "0-1"]
[WhiteElo "2310"]
[BlackElo "1973"]
[PlyCount "102"]
[EventDate "2023.02.21"]
[EventType "swiss (blitz)"]
[EventRounds "11"]
[EventCountry "USA"]
[SourceTitle "CBM 212 Extra"]
[Source "ChessBase"]
[SourceDate "2023.03.31"]
[SourceVersion "1"]
[SourceVersionDate "2023.03.31"]
[SourceQuality "1"]

1. e4 c5 2. Nf3 Nc6 3. d4 cxd4 4. Nxd4 e5 5. Nb5 d6 6. N1c3 a6 7. Na3 Be7 8. Nd5 Nf6 9. Nxf6+ Bxf6 10. Nc4 Be7 11. Be3 b5 12. Nb6 Rb8 13. Nxc8 Qxc8 14. a4 b4 15. Bc4 0-0 16. 0-0 Nd4 17. b3 Ne6 18. a5 Nc5 19. f4 Nxe4 20. fxe5 dxe5 21. Rxf7 Rxf7 22. Qd5 Nd6 23. Rf1 Nxc4 24. Qxf7+ Kh8 25. Qxc4 Qxc4 26. bxc4 Kg8 27. Kf2 Rc8 28. Ke2 Rxc4 29. Kd3 Rc3+ 30. Ke4 Bc5 31. Bd2 Rxc2 32. Rd1 b3 33. Kd3 Bd4 34. Rb1 Rb2 35. Rc1 Ra2 36. Rc8+ Kf7 37. Rc7+ Kg6 38. Rb7 b2 39. Bc3 Ra3 40. Rxb2 Rxc3+ 41. Kd2 Rc6 42. Ra2 Rc5 43. Kd3 Rb5 44. Ke4 Kf6 45. g4 g6 46. h4 h6 47. Rg2 g5 48. hxg5+ hxg5 49. Ra2 Rb3 50. Kd5 Rb5+ 51. Kc6 Bc3 0-1

[Event "Cearense-ch"]
[Site "Fortaleza"]
[Date "2019.11.17"]
[Round "1"]
[White "Albuquerque, Wellington S Jr"]
[Black "Brandao, Marcius Gomes"]
[Result "1-0"]
[WhiteElo "2213"]
[BlackElo "2002"]
[PlyCount "45"]
[EventDate "2019.11.17"]
[EventType "tourn"]
[EventRounds "9"]
[EventCountry "BRA"]
[SourceTitle "CBM 193 Extra"]
[Source "ChessBase"]
[SourceDate "2020.01.31"]
[SourceVersion "1"]
[SourceVersionDate "2020.01.31"]
[SourceQuality "1"]

1. d4 e6 2. c4 d5 3. Nc3 a6 4. cxd5 exd5 5. Bf4 Nf6 6. e3 Bd6 7. Bxd6 Qxd6 8. Bd3 0-0 9. Qc2 Re8 10. Nge2 Bg4 11. h3 Bh5 12. g4 Bg6 13. Bxg6 hxg6 14. 0-0-0 Nc6 15. Nf4 b5 16. Kb1 g5 17. Nd3 g6 18. Rc1 Nb4 19. Nxb4 Qxb4 20. h4 gxh4 21. g5 Ne4 22. Nxd5 Qd6 23. Nxc7 1-0